| 000 | 00499pab a2200181 454500 | ||
|---|---|---|---|
| 008 | 180718b2003 xxu||||| |||| 00| 0 eng d | ||
| 100 | _aHarbison, Sarah F. | ||
| 245 | _aGlobalization, family structure, and declining fertility in the developing world | ||
| 260 | _c2003 | ||
| 300 | _ap.44-55. | ||
| 362 | _aWinter | ||
| 650 | _aFertility | ||
| 650 | _aGlobalization | ||
| 650 | _aFamily | ||
| 700 | _aRobinson, Warren C. | ||
| 773 | _aReview of Radical Political Economics | ||
| 909 | _a56607 | ||
| 999 |
_c56607 _d56607 |
||